000
00204 a2200097 4500
001
10557
100
_a
Hassett, W D
245
_a
Off the record with F D R.
260
_a
_b
Allen
_c
090
_c
8169
_d
8169
942
_a
NUST-CAE
_c
M
_c
34899
999
_c
245630
_d
245630